000 00622nam a2200217 a 4500
001 19924
003 CO-ViMGA
008 141112s2004 ck r 000 u spa d
020 _a9508021098
040 _aCO-ViMGA
_bspa
_cCO-ViMGA
082 0 4 _a302.4 C413r
100 1 _aChadi, Mónica
_928924
245 1 0 _aRedes Sociales en el trabajo social
260 _aBuenos Aires :
_bEspacio Editorial,
_c2000
300 _a161 p.
490 _aColección ciencias sociales, novedades
590 _aForma de adquisición : Premio Mincultura
650 1 4 _aREDES SOCIALES
_928925
650 1 4 _aSERVICIO SOCIAL
942 _2ddc
_cBK
999 _c29046
_d29046